Name a Top 5 Country by Category-Part 1 - Statistics

General Stats
  • This quiz has been taken 405 times
  • The average score is 12 of 15
Answer Stats
Name a Top 5 Most ______ Country Answer % Correct
Populated China, India, United States, Indonesia, Brazil
100%
Bike-Friendly Netherlands, Denmark, France, China,Sweden
92%
Happy Finland, Denmark, Switzerland, Iceland, Netherlands
91%
Close to Australia (excluding Australia) Papua New Guinea, Solomon Islands,Indonesia, Vanuatu, Palau
89%
Densely-Populated Monaco, Singapore, Bahrain, Vatican City,Maldives
88%
Most Islands Sweden, Finland, Canada, Indonesia,Australia
88%
Most French Speaker outside Europe Canada, Cameroon, DemocraticRepublic of Congo, Algeria, Morocco
86%
Winter-Olympic Bronze Medals Norway, United States, Canada,Austria, Finland
86%
High in Alphabetical Order Afghanistan, Albania, Algeria, Andorra,Angola
85%
Rich Luxembourg, Singapore, Ireland, Qatar,Switzerland
84%
Diamond-Producing Russia, Botswana, DemocraticRepublic of Congo, Australia, Canada
78%
HIV-Infected (per capita) Eswatini, Lesotho, Botswana, SouthAfrica, Zimbabwe
64%
% of French Speakers outide Europe Mauritius, Gabon, Algeria, Republic of Congo, Seychelles
62%
Jackfruit Production India, Bangladesh, Thailand, Indonesia,Nepal
53%
Eastern Country from Prime Meridian* Russia, New Zealand, Fiji, Tuvalu, Marshall Islands
45%
No matching quizzes found
Score Distribution
Percent of People with Each Score
Percentile by Number Answered
Your Score History
You have not taken this quiz